000 00325nam a22001337a 4500
020 _a9781784158132
082 _aACCA F8 Study Text
100 _aKaplan Publishing
245 _aAudit and Assurance
250 _aSeptember 2017-June 2018
260 _aUnited Kingdom
_bKaplan Publishing
_c2017
300 _a521
942 _cBK
999 _c1813
_d1813